<?xml version="1.0" encoding="UTF-8"?>
<record
    xmlns:xsi="http://www.w3.org/2001/XMLSchema-instance"
    xsi:schemaLocation="http://www.loc.gov/MARC21/slim http://www.loc.gov/standards/marcxml/schema/MARC21slim.xsd"
    xmlns="http://www.loc.gov/MARC21/slim">

  <leader>01354    a2200193   4500</leader>
  <datafield tag="999" ind1=" " ind2=" ">
    <subfield code="c">25839</subfield>
    <subfield code="d">25839</subfield>
  </datafield>
  <datafield tag="020" ind1=" " ind2=" ">
    <subfield code="a">9780367029067</subfield>
  </datafield>
  <datafield tag="082" ind1=" " ind2=" ">
    <subfield code="a">305.4</subfield>
    <subfield code="b">GEN-</subfield>
  </datafield>
  <datafield tag="245" ind1=" " ind2=" ">
    <subfield code="a">Gender imperative</subfield>
    <subfield code="b">: human security vs state security</subfield>
  </datafield>
  <datafield tag="250" ind1=" " ind2=" ">
    <subfield code="a">2nd Edition </subfield>
  </datafield>
  <datafield tag="260" ind1=" " ind2=" ">
    <subfield code="b">Routledge</subfield>
    <subfield code="c">2019</subfield>
    <subfield code="a">New York</subfield>
  </datafield>
  <datafield tag="300" ind1=" " ind2=" ">
    <subfield code="a">xv,446p</subfield>
  </datafield>
  <datafield tag="504" ind1=" " ind2=" ">
    <subfield code="a">Include Index</subfield>
  </datafield>
  <datafield tag="520" ind1=" " ind2=" ">
    <subfield code="a">This collection of essays by feminist scholar-activists addresses the crucial problem of human security in a world of heavily armed, militarized states. It describes the gendered aspects of human security excluded from the realist militarism that dominates current security policy in most nation states. The book deepens and broadens current security discourses, encouraging serious consideration of alternatives to the present global security system that functions to advantage state security over human security, a system the contributors perceive to be rooted in the patriarchal nature of the nation state. This second edition will be of interest to academics and students of gender studies, women&#x2019;s studies, international studies, development studies, human rights, security studies, peace studies and peace education.</subfield>
  </datafield>
  <datafield tag="546" ind1=" " ind2=" ">
    <subfield code="a">
</subfield>
  </datafield>
  <datafield tag="650" ind1=" " ind2=" ">
    <subfield code="a">Security, International</subfield>
    <subfield code="v">Human security</subfield>
    <subfield code="v">Women and human security</subfield>
    <subfield code="v">Feminist theory</subfield>
  </datafield>
  <datafield tag="700" ind1=" " ind2=" ">
    <subfield code="a">Reardon, Betty A. </subfield>
  </datafield>
  <datafield tag="700" ind1=" " ind2=" ">
    <subfield code="a">Hans, Asha </subfield>
  </datafield>
  <datafield tag="942" ind1=" " ind2=" ">
    <subfield code="2">ddc</subfield>
    <subfield code="c">BK</subfield>
  </datafield>
  <datafield tag="952" ind1=" " ind2=" ">
    <subfield code="0">0</subfield>
    <subfield code="1">0</subfield>
    <subfield code="4">0</subfield>
    <subfield code="7">0</subfield>
    <subfield code="a">NASSDOC</subfield>
    <subfield code="b">NASSDOC</subfield>
    <subfield code="d">2019-12-27</subfield>
    <subfield code="e">OP</subfield>
    <subfield code="g">1091.35</subfield>
    <subfield code="i">2019-12-20</subfield>
    <subfield code="l">0</subfield>
    <subfield code="o">305.4 GEN-</subfield>
    <subfield code="p">50662</subfield>
    <subfield code="r">2019-12-27 00:00:00</subfield>
    <subfield code="v">1495.00</subfield>
    <subfield code="w">2019-12-27</subfield>
    <subfield code="y">BK</subfield>
  </datafield>
</record>
